000
00321nam a22001457a 4500
008
210511b ||||| |||| 00| 0 eng d
020
_a
067223386
041
_a
eng
080
_a
621
082
_a
621
100
_a
26
101
_a
MEK
245
_a
Plumbers and Pipe Fitters Library
_c
Connel,Ch.M
942
_2
udc
_c
BK
999
_c
57191
_d
57191